| 000 | 01237cam a2200229 4500 | ||
|---|---|---|---|
| 001 | ABS68258 | ||
| 008 | 040907n2004 000 0 eng u | ||
| 035 | _a(Sirsi) u127282 | ||
| 100 | _aFenn, K. | ||
| 245 | 2 | _aA rare commodity | |
| 260 | _c2004 | ||
| 490 |
_aEstates Gazette _v(0435) 28 August 2004, 66-67(2) |
||
| 520 | _aHighlights problems which can occur when drafting insurance clauses in landlord and tenant agreements due to competing interests between the parties. The British Property Federation's "Good practice guide for insurance provision by landlords" sets out obligations and good practice which landlords should adhere to. View at www.bpf.org.uk. | ||
| 590 | _aABS | ||
| 590 | _aABS | ||
| 650 | _aCODE FOR LEASING BUSINESS PREMISES IN ENGLAND AND WALES | ||
| 650 | _aINSURANCE CLAUSES | ||
| 690 | _aLANDLORD AND TENANT-RESIDENTIAL TENANCIES | ||
| 856 |
_uhttps://www.bpf.org.uk/publications/documents/33 _zView "Good practice guide for insurance provision by landlords" on the British Property Federation website... |
||
| 856 |
_uhttps://www.bpf.org.uk/publications/documents/33 _zView "Good practice guide for insurance provision by landlords" on the British Property Federation website... |
||
| 942 | _n0 | ||
| 999 |
_c117964 _d117964 |
||